00753nam a22002413a 450000500170000000800410001701000130005802000250007103500130009603500130010903700160012203700080013804000180014608200060016410000210017024500990019126000330029027000520032330000260037565500250040165500280042671000570045420090930121333.0050725t20052003nyu | 00| f eng d aB-359083 a9788129113726c95.00 aB-359083 aB-368629 bPansy Books bRP  adplbEnglish  aN a Bhagat, Chetan  aThe 3 mistakes of my life :cby Chetan Bhagat ba story about business, cricket and religion / aNew DelhibRupa & Co. c2009 a7/16, Ansari Road, DaryaganjbNew Delhie110002 axx, 257p. c21cm(pbk) aLove stories.2gsafd aDomestic fiction.2lcsh aCopyright Paperback Collection (Library of Congress)